Career paths of department chairs : a national perspective (Record no. 63692)
[ view plain ]
| 000 -CABECERA | |
|---|---|
| campo de control de longitud fija | 00625nam a2200217 a 4500 |
| 005 - FECHA Y HORA DE LA ÚLTIMA TRANSACCIÓN | |
| campo de control | 20210219152917.0 |
| 008 - ELEMENTOS DE LONGITUD FIJA--INFORMACIÓN GENERAL | |
| campo de control de longitud fija | 991125n 000 0 eng u |
| 035 ## - NÚMERO DE CONTROL DEL SISTEMA | |
| Número de control de sistema | UPN01000066846 |
| 100 ## - ASIENTO PRINCIPAL--NOMBRE PERSONAL | |
| Nombre de persona | Carroll, James B. |
| 222 ## - TÍTULO CLAVE | |
| Título clave | RESEARCH IN HIGHER EDUCATION |
| 245 ## - MENCIÓN DE TÍTULO | |
| Título | Career paths of department chairs : a national perspective |
| 300 ## - DESCRIPCIÓN FÍSICA | |
| Extensión | 669-688 |
| 362 ## - FECHAS DE PUBLICACIÓN Y/O DESIGNACIÓN SECUENCIAL | |
| Fecha de publicación y/o designación secuencial | 1991 32, no. 6 may. |
| 653 0# - TERMINO DE INDIZACION - NO CONTROLADO | |
| Término no controlado | CARRERAS UNIVERSITARIAS |
| 653 0# - TERMINO DE INDIZACION - NO CONTROLADO | |
| Término no controlado | CUALIDADES DEL ADMINISTRADOR |
| 653 0# - TERMINO DE INDIZACION - NO CONTROLADO | |
| Término no controlado | FACULTAD COLEGIAL |
| 653 0# - TERMINO DE INDIZACION - NO CONTROLADO | |
| Término no controlado | JEFES DE DEPARTAMENTO |
| 653 0# - TERMINO DE INDIZACION - NO CONTROLADO | |
| Término no controlado | MODELOS DE EMPLEO |
| 904 ## - ELEMENTOS DE DATOS D LOCAL, LDD (RLIN) | |
| a | AC |
| b | 004657 |
| 905 ## - TIPO DE MATERIAL | |
| Tipo de material | Articulo |
No items available.
